| 000 | 00545nam a2200193 i 4500 | ||
|---|---|---|---|
| 001 | 103568 | ||
| 003 | ES-MaACL | ||
| 005 | 20230906183411.0 | ||
| 007 | t| | ||
| 008 | 060417s1990 pr ||||1| spa d | ||
| 020 | _a0-8477-3619-9 | ||
| 080 | _a821.134.2)729.5)-32"19" | ||
| 100 | 1 |
_aOchart, Yvonne. _986472 |
|
| 245 | 1 | 3 |
_aEl fuego de las cosas / _cYvonne Ochart. |
| 250 | _a1ª ed. | ||
| 260 |
_aRío Piedras, Puerto Rico : _bUniversidad de Puerto Rico, _c1990. |
||
| 300 |
_a173 p. ; _c21 cm. |
||
| 852 |
_aES-MaACL _jC-56889 _bR.137433 |
||
| 999 |
_c103568 _d103568 |
||